000 00857nam a2200289Ia 4500
003 OSt
005 20220928131041.0
006 a|||||r|||| 00| 0
007 ta
008 220927b |||||||| |||| 00| 0 eng d
020 _c1999
024 _a124138
037 _b001, 07/08/2014, Excel Book International
_cTextual
040 _aSDCL
_cSDCL
_beng
041 _2eng
_aeng
082 _aG, Q4
100 _aEnger Eldon D.
_9476931
245 0 _aConcepts in biology
250 _a14th
260 _aNew Delhi
_bMcGraw Hill Education
_c2014
300 _axxiii,638p.
_ccm.
650 _aReference
700 _a Bailey David B.
_9476932
700 _a Ross Frederick C.
_9476933
942 _hG, Q4
_cTEXL
_2CC
999 _c789379
_d789379